[Event "Catalunya-chT Gp1"]
[Site "Barcelona"]
[Date "2020.02.01"]
[Round "3.5"]
[White "Gonzalez Verges, Alex"]
[Black "Estrella Vidiella, Jordi"]
[Result "1/2-1/2"]
[WhiteElo "2203"]
[BlackElo "2301"]
[PlyCount "111"]
[EventDate "2020.01.18"]
[EventType "team-tourn"]
[EventRounds "7"]
[EventCountry "ESP"]
[SourceTitle "CBM 194 Extra"]
[Source "ChessBase"]
[SourceDate "2020.03.31"]
[SourceVersion "1"]
[SourceVersionDate "2020.03.31"]
[SourceQuality "1"]
[WhiteTeam "Tres Peons"]
[BlackTeam "Foment Martinenc"]
[WhiteTeamCountry "ESP"]
[BlackTeamCountry "ESP"]

1. e4 c5 2. Nf3 Nc6 3. d4 cxd4 4. Nxd4 Nf6 5. Nc3 e5 6. Ndb5 d6 7. Bg5 a6 8. Na3 b5 9. Nd5 Be7 10. Bxf6 Bxf6 11. c3 Bg5 12. Be2 0-0 13. Nc2 Rb8 14. Bg4 Bb7 15. 0-0 Ne7 16. Ncb4 Ng6 17. g3 a5 18. Nc2 Ne7 19. Nxe7+ Qxe7 20. Qd3 Bc6 21. Rfe1 Rbd8 22. Ne3 Qb7 23. Bf3 f5 24. Nd5 Bxd5 25. Qxd5+ Qxd5 26. exd5 Rb8 27. Re2 Rfc8 28. Rc2 Rc5 29. Be2 Rbc8 30. h4 Bf6 31. Rd1 g6 32. f3 b4 33. c4 a4 34. h5 Kg7 35. hxg6 hxg6 36. Bd3 Rb8 37. b3 axb3 38. axb3 Ra8 39. Kg2 Ra3 40. Rb1 Rca5 41. g4 e4 42. fxe4 f4 43. e5 Bxe5 44. Kf3 Ra1 45. Rxa1 Rxa1 46. c5 dxc5 47. Rxc5 Rg1 48. Rc6 Rg3+ 49. Ke2 Rxg4 50. Re6 Bf6 51. d6 Rg2+ 52. Kd1 Bc3 53. Be2 f3 54. Bxf3 Rd2+ 55. Kc1 Kf7 56. Bg4 1/2-1/2

[Event "Catalunya-chT Gp2"]
[Site "Barcelona"]
[Date "2019.01.26"]
[Round "2.4"]
[White "Ternault, Mathieu"]
[Black "Gonzalez Verges, Alex"]
[Result "0-1"]
[WhiteElo "2343"]
[BlackElo "2223"]
[PlyCount "116"]
[EventDate "2019.01.19"]
[EventType "team-tourn"]
[EventRounds "7"]
[EventCountry "ESP"]
[SourceTitle "CBM 188 Extra"]
[Source "ChessBase"]
[SourceDate "2019.02.26"]
[SourceVersion "1"]
[SourceVersionDate "2019.02.26"]
[SourceQuality "1"]
[WhiteTeam "Barcelona Escacs CC"]
[BlackTeam "Tres Peons"]
[WhiteTeamCountry "ESP"]
[BlackTeamCountry "ESP"]

1. b3 Nf6 2. Bb2 g6 3. Nf3 Bg7 4. g3 0-0 5. Bg2 d6 6. d4 c6 7. c4 a5 8. Nc3 Bf5 9. Nh4 Bg4 10. h3 Bd7 11. 0-0 Qc8 12. Kh2 Na6 13. Qd2 Qc7 14. Rac1 Rfe8 15. e4 Rad8 16. Qe3 e5 17. dxe5 dxe5 18. c5 Be6 19. Nf3 Bg4 20. a3 Bxf3 21. Bxf3 Qe7 22. Na4 Nd7 23. Qc3 Bf8 24. b4 axb4 25. axb4 Nc7 26. Be2 h5 27. Qe3 Ne6 28. Rcd1 Bg7 29. Bc4 Nd4 30. Qc1 b5 31. cxb6 Qxb4 32. Bxd4 exd4 33. Nb2 Nxb6 34. Bd3 Re5 35. Bb1 Rc5 36. Qd2 Qxd2 37. Rxd2 Rb5 38. Bd3 Rb4 39. f4 c5 40. Rc1 Bf8 41. Nc4 Nxc4 42. Bxc4 Ra8 43. h4 Raa4 44. Bd5 Ra3 45. e5 Rc3 46. Ra1 d3 47. Kh3 Rd4 48. Ba2 Ra3 49. Rb1 c4 50. Rb7 c3 51. Bxf7+ Kh8 52. Bxg6 cxd2 53. Bxh5 Ra1 54. Rb8 Kg7 55. Rb7+ Kg8 56. e6 d1Q 57. Bxd1 Rxd1 58. f5 Re1 0-1

[Event "Catalunya-chT Gp2"]
[Site "Barcelona"]
[Date "2019.01.19"]
[Round "1.3"]
[White "Gonzalez Verges, Alex"]
[Black "Fluvia Poyatos, Jordi"]
[Result "0-1"]
[WhiteElo "2223"]
[BlackElo "2463"]
[PlyCount "100"]
[EventDate "2019.01.19"]
[EventType "team-tourn"]
[EventRounds "7"]
[EventCountry "ESP"]
[SourceTitle "CBM 188 Extra"]
[Source "ChessBase"]
[SourceDate "2019.02.26"]
[SourceVersion "1"]
[SourceVersionDate "2019.02.26"]
[SourceQuality "1"]
[WhiteTeam "Tres Peons"]
[BlackTeam "Andorra"]
[WhiteTeamCountry "ESP"]
[BlackTeamCountry "AND"]

1. e4 d6 2. d4 Nf6 3. Nc3 g6 4. Nf3 Bg7 5. Be2 0-0 6. h3 e6 7. 0-0 Nc6 8. Be3 h6 9. Qd2 Kh7 10. Rad1 a6 11. a3 b5 12. g4 Nd7 13. g5 h5 14. Kh2 Bb7 15. Nh4 e5 16. dxe5 Ncxe5 17. b3 Nc5 18. f4 Ned7 19. Bd4 Bxd4 20. Qxd4 Qe7 21. Bd3 Ne6 22. Qe3 Nxg5 23. Qg3 Nxe4 24. Bxe4 Bxe4 25. Rfe1 Nf6 26. Rd4 d5 27. Nxd5 Nxd5 28. Rxd5 Rad8 29. Re5 Rd2+ 30. Kg1 Qxa3 31. R1xe4 Rxc2 32. f5 Qa1+ 33. Re1 Qd4+ 34. Kh1 Rc6 35. fxg6+ fxg6 36. Re7+ Kh6 37. R7e5 Qf4 38. Qxf4+ Rxf4 39. Ng2 Rf3 40. R1e3 Rc3 41. Rxf3 Rxf3 42. h4 Rxb3 43. Rc5 a5 44. Rxc7 a4 45. Ra7 a3 46. Kh2 b4 47. Nf4 Rb2+ 48. Kg3 a2 49. Ne6 Rb3+ 50. Kf4 Ra3 0-1

[Event "Catalunya-chT GpA final"]
[Site "Barcelona"]
[Date "2017.03.11"]
[Round "1.6"]
[White "Hernando Rodrigo, Julio Antonio"]
[Black "Gonzalez Verges, Alex"]
[Result "0-1"]
[WhiteElo "2266"]
[BlackElo "2198"]
[PlyCount "88"]
[EventDate "2017.03.11"]
[EventType "team-tourn"]
[EventRounds "11"]
[EventCountry "ESP"]
[SourceTitle "CBM 177 Extra"]
[Source "ChessBase"]
[SourceDate "2017.04.27"]
[SourceVersion "1"]
[SourceVersionDate "2017.04.27"]
[SourceQuality "1"]
[WhiteTeam "Barcelona Escola Escacs"]
[BlackTeam "Tres Peons"]
[WhiteTeamCountry "ESP"]
[BlackTeamCountry "ESP"]

1. d4 Nf6 2. c4 c5 3. d5 b5 4. cxb5 a6 5. Nc3 g6 6. e4 d6 7. Nf3 Bg7 8. a4 0-0 9. h3 axb5 10. Bxb5 Ba6 11. Bg5 Ne8 12. 0-0 Nc7 13. e5 dxe5 14. d6 Qxd6 15. Qxd6 exd6 16. Be7 d5 17. Bd6 Rc8 18. Bxc7 Rxc7 19. Nxd5 Rb7 20. Ng5 h6 21. Ne4 Bxb5 22. axb5 Rxa1 23. Rxa1 Rxb5 24. Ra8 f5 25. Nc7 Rxb2 26. Nxc5 Bf8 27. N5e6 Bd6 28. Nd5 Kf7 29. Nd8+ Ke8 30. Nc6 Rb1+ 31. Kh2 Kd7 32. Nxb8+ Rxb8 33. Ra6 g5 34. Ne3 Rf8 35. Kg1 Ke6 36. g4 fxg4 37. hxg4 Rf6 38. Nf5 Kd5 39. Kg2 e4 40. Ra8 Ke5 41. Ng3 Rf4 42. Re8+ Kd5 43. Kh3 Rxf2 44. Rd8 Rf3 0-1

[Event "Catalunya-chT Gp2 final"]
[Site "Barcelona"]
[Date "2016.04.09"]
[Round "3.2"]
[White "Gonzalez Verges, Alex"]
[Black "Soler Rionegro, Andres"]
[Result "1-0"]
[WhiteElo "2206"]
[BlackElo "1900"]
[PlyCount "61"]
[EventDate "2016.03.12"]
[EventType "team-tourn"]
[EventRounds "4"]
[EventCountry "ESP"]
[SourceTitle "EXT 2017"]
[Source "ChessBase"]
[SourceDate "2016.10.25"]
[SourceVersion "1"]
[SourceVersionDate "2016.10.25"]
[SourceQuality "1"]
[WhiteTeam "Tres Peons"]
[BlackTeam "Montcada"]
[WhiteTeamCountry "ESP"]
[BlackTeamCountry "ESP"]

1. e4 d5 2. exd5 Nf6 3. d4 Nxd5 4. Nf3 g6 5. Bc4 Bg7 6. 0-0 0-0 7. Bb3 Bg4 8. h3 Bf5 9. Re1 Nc6 10. Bg5 Nf6 11. Nc3 Na5 12. Re5 Nxb3 13. axb3 c6 14. Qe2 Be6 15. Re1 Qd7 16. Qe3 Rfe8 17. Bh6 Bh8 18. Ng5 Nd5 19. Qf3 Bxe5 20. dxe5 Nxc3 21. bxc3 Qd5 22. Qf4 Rad8 23. Nf3 Bf5 24. Ng5 Qd2 25. Re3 Qd1+ 26. Kh2 Qh5 27. Nf3 Bxc2 28. g4 g5 29. Bxg5 Qg6 30. Nh4 Qe6 31. Nf5 1-0

[Event "Catalunya-chT Gp2 final"]
[Site "Barcelona"]
[Date "2016.04.02"]
[Round "2.1"]
[White "Gonzalez Rodriguez, Raul Omar"]
[Black "Gonzalez Verges, Alex"]
[Result "1-0"]
[WhiteElo "2269"]
[BlackElo "2206"]
[PlyCount "49"]
[EventDate "2016.03.12"]
[EventType "team-tourn"]
[EventRounds "4"]
[EventCountry "ESP"]
[SourceTitle "CBM 171 Extra"]
[Source "ChessBase"]
[SourceDate "2016.04.26"]
[SourceVersion "1"]
[SourceVersionDate "2016.04.26"]
[SourceQuality "1"]
[WhiteTeam "Barcelona Unio Graciencia"]
[BlackTeam "Tres Peons"]
[WhiteTeamCountry "ESP"]
[BlackTeamCountry "ESP"]

1. d4 Nf6 2. Nc3 g6 3. Bf4 Bg7 4. Qd2 0-0 5. Bh6 Bxh6 6. Qxh6 c5 7. e3 cxd4 8. exd4 Nc6 9. Nf3 d6 10. Ng5 Qa5 11. 0-0-0 Nb4 12. Nce4 Nbd5 13. Bc4 Bf5 14. Bxd5 Bxe4 15. Bxe4 Qxa2 16. c3 a5 17. Bb1 Qc4 18. Rd3 Rfc8 19. Re1 e5 20. Nxh7 Ng4 21. Qh4 Kg7 22. Qxg4 Kxh7 23. Qh4+ Kg7 24. Rf3 exd4 25. Qf6+ 1-0

[Event "Catalunya-chT Gp2"]
[Site "Barcelona"]
[Date "2016.01.23"]
[Round "1.2"]
[White "Martinez Lopez, Ivan"]
[Black "Gonzalez Verges, Alex"]
[Result "0-1"]
[WhiteElo "2222"]
[BlackElo "2206"]
[PlyCount "112"]
[EventDate "2016.01.23"]
[EventType "team-tourn"]
[EventRounds "7"]
[EventCountry "ESP"]
[SourceTitle "CBM 170 Extra"]
[Source "ChessBase"]
[SourceDate "2016.02.25"]
[SourceVersion "1"]
[SourceVersionDate "2016.02.25"]
[SourceQuality "1"]
[WhiteTeam "Lleida"]
[BlackTeam "Tres Peons"]
[WhiteTeamCountry "ESP"]
[BlackTeamCountry "ESP"]

1. c4 e5 2. g3 Nf6 3. Bg2 g6 4. Nc3 Bg7 5. e4 0-0 6. Nge2 d6 7. 0-0 c5 8. d3 Nc6 9. a3 Ne8 10. Rb1 a5 11. Nd5 Be6 12. Nec3 Nc7 13. Be3 Re8 14. Qd2 Nd4 15. f4 exf4 16. Bxf4 Bxd5 17. exd5 f5 18. Rbe1 Qd7 19. a4 Rxe1 20. Rxe1 Kf8 21. Ne2 Re8 22. Nxd4 Rxe1+ 23. Qxe1 Bxd4+ 24. Kf1 b6 25. b3 Qe7 26. Qd2 Ne8 27. Bf3 Nf6 28. h4 Nd7 29. h5 Be5 30. Bh6+ Kg8 31. Kg2 Kf7 32. Bg5 Bf6 33. Be3 Ke8 34. hxg6 hxg6 35. g4 Kd8 36. gxf5 gxf5 37. Kf1 Qg7 38. Qh2 Qe7 39. Kf2 Bh4+ 40. Kf1 Kc7 41. Qd2 Qg7 42. d4 Qg3 43. Bg2 cxd4 44. Bf4 Qxb3 45. Bxd6+ Kxd6 46. Qf4+ Ne5 47. Qxh4 Qxc4+ 48. Kg1 Qc1+ 49. Kh2 Ng4+ 50. Kh3 Qe3+ 51. Qg3+ Ne5 52. Kh4 Qxg3+ 53. Kxg3 Nd7 54. Kf4 Nf6 55. Kxf5 Nxd5 56. Ke4 Kc5 0-1

[Event "Barcelona Vila de Gracia op 9th"]
[Site "Barcelona"]
[Date "2015.11.20"]
[Round "8"]
[White "Gaona Gonzalez, Gerard"]
[Black "Gonzalez Verges, Alex"]
[Result "0-1"]
[WhiteElo "2123"]
[BlackElo "2291"]
[PlyCount "82"]
[EventDate "2015.10.02"]
[EventType "swiss"]
[EventRounds "9"]
[EventCountry "ESP"]
[SourceTitle "CBM 169 Extra"]
[Source "ChessBase"]
[SourceDate "2015.12.18"]
[SourceVersion "1"]
[SourceVersionDate "2015.12.18"]
[SourceQuality "1"]

1. e4 c5 2. Nf3 d6 3. d3 Nc6 4. g3 g6 5. Bg2 Bg7 6. 0-0 Nf6 7. c3 0-0 8. Na3 Rb8 9. Nc2 b5 10. Bd2 a5 11. Re1 Nd7 12. d4 b4 13. Be3 bxc3 14. bxc3 Ba6 15. Bf1 Bxf1 16. Kxf1 a4 17. Qd3 Qa5 18. Na3 cxd4 19. Bxd4 Nde5 20. Nxe5 Nxe5 21. Qe2 Qc7 22. Rab1 Qc6 23. f4 Nd7 24. Kg1 e5 25. fxe5 dxe5 26. Bf2 Rxb1 27. Nxb1 Rc8 28. Rd1 Nf6 29. Re1 Bf8 30. Kg2 a3 31. Qd3 Rb8 32. c4 Rb2 33. Nc3 Bb4 34. Nd5 Nxd5 35. exd5 Qb6 36. Re2 Bc5 37. Bxc5 Qxc5 38. Kf3 f5 39. Qe3 e4+ 40. Kf2 Qxc4 41. Rd2 Qxa2 0-1

[Event "Barcelona Tres Peons op 16th"]
[Site "Barcelona"]
[Date "2015.03.06"]
[Round "8"]
[White "Salgado Cea, Gorka"]
[Black "Gonzalez Verges, Alex"]
[Result "0-1"]
[WhiteElo "2036"]
[BlackElo "2276"]
[PlyCount "74"]
[EventDate "2015.01.16"]
[EventType "swiss"]
[EventRounds "9"]
[EventCountry "ESP"]
[SourceTitle "EXT 2016"]
[Source "ChessBase"]
[SourceDate "2015.10.08"]
[SourceVersion "1"]
[SourceVersionDate "2015.10.08"]
[SourceQuality "1"]

1. e4 c5 2. Nc3 Nc6 3. g3 g6 4. Bg2 Bg7 5. d3 e6 6. f4 Nge7 7. Nf3 0-0 8. 0-0 d6 9. Be3 Nd4 10. Rb1 Rb8 11. Ne2 Nxf3+ 12. Bxf3 b6 13. d4 Bb7 14. c3 Qc7 15. Qb3 Rbe8 16. Rbd1 c4 17. Qc2 f5 18. e5 Bxf3 19. Rxf3 Nd5 20. exd6 Qxd6 21. Kg2 Qc6 22. Bc1 b5 23. Ng1 a5 24. Kf1 Rf7 25. Rf2 b4 26. Nf3 Bf6 27. Re1 a4 28. Ne5 Bxe5 29. Rxe5 b3 30. Qb1 bxa2 31. Qxa2 Rb7 32. Rfe2 Rb3 33. Bd2 a3 34. bxa3 Nxc3 35. Bxc3 Qh1+ 36. Kf2 Rxc3 37. R5e3 Rc1 0-1

[Event "Catalunya-chT Gp1"]
[Site "Barcelona"]
[Date "2015.02.14"]
[Round "4.2"]
[White "Gonzalez Verges, Alex"]
[Black "Heredia Tarrats, Amadeo"]
[Result "1/2-1/2"]
[WhiteElo "2208"]
[BlackElo "2096"]
[PlyCount "78"]
[EventDate "2015.01.24"]
[EventType "team-tourn"]
[EventRounds "7"]
[EventCountry "ESP"]
[SourceTitle "CBM 164 Extra"]
[Source "ChessBase"]
[SourceDate "2015.03.02"]
[SourceVersion "1"]
[SourceVersionDate "2015.03.02"]
[SourceQuality "1"]
[WhiteTeam "Tres Peons"]
[BlackTeam "Foment Martinenc"]
[WhiteTeamCountry "ESP"]
[BlackTeamCountry "ESP"]

1. e4 e6 2. d4 d5 3. Nc3 Bb4 4. Nge2 dxe4 5. a3 Be7 6. Nxe4 Nf6 7. Qd3 Nbd7 8. N2c3 0-0 9. Qg3 Kh8 10. Nxf6 Nxf6 11. Be3 Qd6 12. Qxd6 cxd6 13. Be2 Bd7 14. d5 e5 15. f3 Rfc8 16. 0-0-0 a6 17. g4 b5 18. Na2 a5 19. b3 Rc7 20. Kb2 Rac8 21. c3 e4 22. h3 exf3 23. Bxf3 a4 24. b4 Rc4 25. Bd4 Ne8 26. Be2 R4c7 27. h4 Nf6 28. g5 Nxd5 29. Bxg7+ Kxg7 30. Rxd5 Bc6 31. Rhd1 Bxd5 32. Rxd5 Rc4 33. Bxc4 Rxc4 34. Rxb5 Rxh4 35. Rd5 Rh2+ 36. Kb1 Rh1+ 37. Kb2 Rh2+ 38. Kb1 Rh1+ 39. Kb2 Rh2+ 1/2-1/2

[Event "Barcelona Vila Gracia op 8th"]
[Site "Barcelona"]
[Date "2014.11.14"]
[Round "8.3"]
[White "Ortega Rios, Jorge"]
[Black "Gonzalez Verges, Alex"]
[Result "0-1"]
[WhiteElo "2083"]
[BlackElo "2281"]
[PlyCount "58"]
[EventDate "2014.09.26"]
[EventType "swiss"]
[EventRounds "9"]
[EventCountry "ESP"]
[SourceTitle "EXT 2024"]
[Source "ChessBase"]
[SourceDate "2023.10.10"]
[SourceVersion "1"]
[SourceVersionDate "2023.10.10"]
[SourceQuality "1"]

1. e4 c5 2. Nf3 d6 3. d4 cxd4 4. Nxd4 Nf6 5. Nc3 a6 6. Bc4 e6 7. Bb3 b5 8. a3 Bb7 9. Qe2 Nbd7 10. f3 Rc8 11. Be3 Ne5 12. 0-0 Nc4 13. Bxc4 bxc4 14. Rfc1 Qd7 15. b3 e5 16. Nf5 d5 17. Na4 dxe4 18. Nxg7+ Bxg7 19. Nb6 exf3 20. gxf3 Qh3 21. Nxc8 Qxc8 22. Qxc4 Qxc4 23. bxc4 Bxf3 24. Rab1 Nd7 25. Kf2 Bc6 26. Rf1 Bf8 27. c5 f5 28. Rbd1 Kf7 29. Ke2 f4 0-1

[Event "Barcelona Vila Gracia op 8th"]
[Site "Barcelona"]
[Date "2014.09.26"]
[Round "1.7"]
[White "Gonzalez Verges, Alex"]
[Black "Tortosa Moros, Joan"]
[Result "1-0"]
[WhiteElo "2281"]
[BlackElo "1941"]
[PlyCount "45"]
[EventDate "2014.09.26"]
[EventType "swiss"]
[EventRounds "9"]
[EventCountry "ESP"]
[SourceTitle "EXT 2024"]
[Source "ChessBase"]
[SourceDate "2023.10.10"]
[SourceVersion "1"]
[SourceVersionDate "2023.10.10"]
[SourceQuality "1"]

1. d4 Nf6 2. c4 e6 3. Nf3 Bb4+ 4. Nbd2 c5 5. e3 b6 6. Bd3 Bb7 7. 0-0 cxd4 8. exd4 0-0 9. a3 Bxd2 10. Bxd2 Ne4 11. Bf4 d6 12. Re1 f5 13. Nd2 g5 14. Bxe4 Bxe4 15. Nxe4 gxf4 16. Nc3 Qc8 17. Qf3 Nc6 18. Qxf4 e5 19. dxe5 dxe5 20. Qg5+ Kh8 21. Rad1 Nd4 22. Rxd4 exd4 23. Re7 1-0

[Event "Sant Boi op 36th"]
[Site "Sant Boi de Llobregat"]
[Date "2014.05.09"]
[Round "4"]
[White "De Figueiredo Coutinho, Filho"]
[Black "Gonzalez Verges, Alex"]
[Result "1-0"]
[WhiteElo "1817"]
[BlackElo "2284"]
[PlyCount "77"]
[EventDate "2014.04.04"]
[EventType "swiss"]
[EventRounds "9"]
[EventCountry "ESP"]
[SourceTitle "CBM 160 Extra"]
[Source "ChessBase"]
[SourceDate "2014.07.01"]
[SourceVersion "1"]
[SourceVersionDate "2014.07.01"]
[SourceQuality "1"]

1. d4 Nf6 2. Nc3 g6 3. e4 d6 4. f4 Bg7 5. Nf3 0-0 6. Bd3 Na6 7. a3 Nd7 8. f5 c5 9. Be3 cxd4 10. Bxd4 Bxd4 11. Nxd4 Nac5 12. Bc4 Nf6 13. Qf3 Qb6 14. 0-0-0 Ncd7 15. Qg3 Qc5 16. Bb3 Nh5 17. Qh4 Qe5 18. Kb1 Ndf6 19. Rhf1 Kh8 20. g4 Ng7 21. Nf3 Qf4 22. h3 h6 23. Rf2 Kh7 24. Rff1 g5 25. Qe1 Nge8 26. Rd4 Nxg4 27. hxg4 Qxg4 28. Qe3 e5 29. Rd2 Bd7 30. Rh2 Kg7 31. Rfh1 Qf4 32. Qxf4 gxf4 33. Rxh6 Nf6 34. Nd5 Nxd5 35. Bxd5 Rg8 36. Rh7+ Kf8 37. Rxf7+ Ke8 38. Rhh7 Bc6 39. Re7+ 1-0

[Event "Barcelona Tres Peons op 16th"]
[Site "Barcelona"]
[Date "2014.01.17"]
[Round "2"]
[White "Gonzalez Verges, Alex"]
[Black "Vargas Drechsler, Carlos"]
[Result "1-0"]
[WhiteElo "2284"]
[BlackElo "1973"]
[PlyCount "109"]
[EventDate "2014.01.10"]
[EventType "swiss"]
[EventRounds "9"]
[EventCountry "ESP"]
[SourceTitle "EXT 2015"]
[Source "ChessBase"]
[SourceDate "2014.11.20"]
[SourceVersion "1"]
[SourceVersionDate "2014.11.20"]
[SourceQuality "1"]

1. e4 e5 2. Nf3 Nc6 3. Bb5 a6 4. Ba4 Nf6 5. 0-0 Nxe4 6. d4 b5 7. Bb3 d5 8. dxe5 Be6 9. Nbd2 Bc5 10. Nxe4 dxe4 11. Ng5 Qxd1 12. Rxd1 Bxb3 13. axb3 Nxe5 14. Rd5 Bd6 15. Nxe4 0-0 16. Nxd6 cxd6 17. Rxd6 h5 18. Bf4 Ng6 19. Bd2 Rfd8 20. Raxa6 Rxd6 21. Rxa8+ Kh7 22. Be1 Rd1 23. Kf1 Rb1 24. Ra5 Rxb2 25. Rxb5 Rxc2 26. Rxh5+ Kg8 27. g3 f6 28. Rd5 Ne5 29. Bd2 Nf3 30. Ke2 Nxh2 31. Kd3 Ra2 32. Ra5 Rb2 33. Kc3 Rb1 34. Be3 Ng4 35. Bd4 Rf1 36. Ra2 Kf7 37. Re2 Ne5 38. Bxe5 fxe5 39. Kc4 Kf6 40. b4 Rc1+ 41. Kd5 Rd1+ 42. Kc6 Rc1+ 43. Kb6 g5 44. b5 g4 45. Ka6 Ra1+ 46. Kb7 Ke6 47. Rd2 Ra4 48. b6 Rd4 49. Rc2 Kd7 50. Kb8 Ra4 51. b7 e4 52. Rc7+ Kd8 53. Rc5 Rd4 54. Ka7 Ra4+ 55. Kb6 1-0

[Event "Barcelona Tres Peons op-A 15th"]
[Site "Barcelona"]
[Date "2013.03.01"]
[Round "8"]
[White "Exposito Amaro, Josue"]
[Black "Gonzalez Verges, Alex"]
[Result "1-0"]
[WhiteElo "2273"]
[BlackElo "2180"]
[PlyCount "97"]
[EventDate "2013.01.11"]
[EventType "swiss"]
[EventRounds "9"]
[EventCountry "ESP"]
[SourceTitle "EXT 2014"]
[Source "ChessBase"]
[SourceDate "2013.11.20"]
[SourceVersion "1"]
[SourceVersionDate "2013.11.20"]
[SourceQuality "1"]

1. e4 d6 2. d4 Nf6 3. Nc3 g6 4. Nf3 Bg7 5. h3 0-0 6. Be3 c6 7. a4 Qa5 8. Bd3 Nbd7 9. 0-0 e5 10. dxe5 dxe5 11. Rb1 Qb4 12. Qe2 a5 13. Nd2 Re8 14. Rfd1 Qd6 15. Qf3 Qc7 16. Nc4 Bf8 17. Rd2 Nh5 18. Rbd1 Nf4 19. Bf1 Ne6 20. Rxd7 Bxd7 21. Bb6 Qc8 22. Nxe5 Re7 23. Bc4 Qe8 24. Ng4 Bg7 25. Nf6+ Bxf6 26. Qxf6 Qf8 27. f4 Rae8 28. f5 gxf5 29. exf5 Ng7 30. Rf1 Re1 31. Rxe1 Rxe1+ 32. Kf2 Re8 33. Bd3 h6 34. Ne4 Nh5 35. Qh4 Qb4 36. Qg4+ Kh8 37. Be3 Ng7 38. Nf6 Rxe3 39. Kxe3 Qe1+ 40. Kf3 Qd1+ 41. Kf2 Qd2+ 42. Kf1 Qc1+ 43. Ke2 Bxf5 44. Bxf5 Qxb2 45. Nd7 Qa3 46. Qe4 Qg3 47. Bg4 Qd6 48. Qe5 Qg6 49. Qb8+ 1-0

[Event "Barcelona Tres Peons op-A 15th"]
[Site "Barcelona"]
[Date "2013.02.15"]
[Round "6"]
[White "Chalmeta Ugas, Ramon"]
[Black "Gonzalez Verges, Alex"]
[Result "0-1"]
[WhiteElo "2300"]
[BlackElo "2180"]
[PlyCount "54"]
[EventDate "2013.01.11"]
[EventType "swiss"]
[EventRounds "9"]
[EventCountry "ESP"]
[SourceTitle "EXT 2014"]
[Source "ChessBase"]
[SourceDate "2013.11.20"]
[SourceVersion "1"]
[SourceVersionDate "2013.11.20"]
[SourceQuality "1"]

1. e4 d6 2. d4 g6 3. Nc3 Bg7 4. f4 Nf6 5. Nf3 0-0 6. Bd3 d5 7. e5 Ng4 8. 0-0 c5 9. h3 cxd4 10. Nxd4 Nh6 11. Be3 Nc6 12. Nce2 Kh8 13. Qd2 Nf5 14. Nxf5 Bxf5 15. Bxf5 gxf5 16. Rad1 e6 17. Nd4 Nxd4 18. Qxd4 Rg8 19. c4 dxc4 20. Qxc4 Qh4 21. Rf3 Rac8 22. Qb3 b6 23. Rd7 Bh6 24. Rxa7 Qe1+ 25. Kh2 Rxg2+ 26. Kxg2 Rg8+ 27. Kh2 Bxf4+ 0-1

[Event "Barcelona Vila de Gracia op 6th"]
[Site "Barcelona"]
[Date "2012.11.16"]
[Round "7"]
[White "Gonzalez Verges, Alex"]
[Black "Obon Temprano, Sergi"]
[Result "0-1"]
[WhiteElo "2179"]
[BlackElo "2285"]
[PlyCount "133"]
[EventDate "2012.09.28"]
[EventType "swiss"]
[EventRounds "9"]
[EventCountry "ESP"]
[SourceTitle "EXT 2015"]
[Source "ChessBase"]
[SourceDate "2014.11.20"]
[SourceVersion "1"]
[SourceVersionDate "2014.11.20"]
[SourceQuality "1"]

1. e4 e5 2. Nf3 Nc6 3. Bb5 a6 4. Ba4 Nf6 5. 0-0 Be7 6. Re1 b5 7. Bb3 d6 8. c3 0-0 9. d4 Bg4 10. d5 Nb8 11. Nbd2 Re8 12. Nf1 Bf8 13. h3 Bxf3 14. Qxf3 Nbd7 15. Bg5 h6 16. Be3 Nh7 17. Ng3 g6 18. Bc2 Ng5 19. Qg4 Nf6 20. Bxg5 hxg5 21. Qxg5 Kh7 22. Qd2 Bh6 23. Qe2 Kg7 24. a4 Rb8 25. Bd3 Bf4 26. axb5 axb5 27. Bxb5 Rh8 28. Bd3 Bxg3 29. fxg3 Nh5 30. Qf2 Qg5 31. Kh2 Rxb2 32. Qxb2 Qxg3+ 33. Kh1 Qxd3 34. Qf2 Nf4 35. Re3 Qb5 36. Rf3 g5 37. Qf1 Qb2 38. Rb1 Qc2 39. Re1 f6 40. Rg3 Nh5 41. Rg4 Nf4 42. Qf3 Ra8 43. h4 Kg6 44. hxg5 fxg5 45. Qg3 Rh8+ 46. Kg1 Rh5 47. Qf3 Qd2 48. Qe3 Qb2 49. Qf3 Qd2 50. Qe3 Qb2 51. Qf3 Rh8 52. Qg3 Kf6 53. Rxg5 Qb6+ 54. Re3 Ne2+ 55. Kf2 Nxg3 56. Rgxg3 Rf8 57. Ke2 Qb5+ 58. Kd2 Ke7 59. Rg7+ Rf7 60. Reg3 Qc4 61. Rxf7+ Kxf7 62. Rg4 Kf6 63. Rh4 Qa2+ 64. Kd3 Qxg2 65. Kc4 Qc2 66. Kb4 Kg5 67. Rh7 0-1

[Event "Barcelona Tres Peons op 14th"]
[Site "Barcelona"]
[Date "2012.02.17"]
[Round "6"]
[White "Gonzalez Verges, Alex"]
[Black "Gavilan Diaz, Mario"]
[Result "1-0"]
[WhiteElo "2145"]
[BlackElo "2256"]
[PlyCount "53"]
[EventDate "2012.01.13"]
[EventType "swiss"]
[EventRounds "9"]
[EventCountry "ESP"]
[SourceTitle "EXT 2013"]
[Source "ChessBase"]
[SourceDate "2012.11.22"]
[SourceVersion "1"]
[SourceVersionDate "2012.11.22"]
[SourceQuality "1"]

1. c4 e5 2. Nc3 Nf6 3. g3 c6 4. Nf3 e4 5. Nd4 d5 6. cxd5 Be7 7. Bg2 cxd5 8. 0-0 Qb6 9. Nc2 Bf5 10. d3 exd3 11. Ne3 dxe2 12. Qxe2 Be6 13. Nexd5 Nxd5 14. Nxd5 Qd8 15. Qb5+ Nd7 16. Nxe7 Qxe7 17. Bxb7 a6 18. Qc6 Rd8 19. Bf4 Qc5 20. Qxa6 Nf6 21. Rac1 Qb4 22. a3 Qxb2 23. Bd6 h5 24. Bc6+ Nd7 25. Bxd7+ Bxd7 26. Rfe1+ Be6 27. Qa4+ 1-0

[Event "Barcelona op 09"]
[Site "Barcelona"]
[Date "2011.11.04"]
[Round "6"]
[White "Marques Taltavull, Antonio"]
[Black "Gonzalez Verges, Alex"]
[Result "1-0"]
[WhiteElo "2208"]
[BlackElo "2163"]
[PlyCount "69"]
[EventDate "2011.09.30"]
[EventType "swiss"]
[EventRounds "6"]
[EventCountry "ESP"]
[SourceTitle "EXT 2013"]
[Source "ChessBase"]
[SourceDate "2012.11.22"]
[SourceVersion "1"]
[SourceVersionDate "2012.11.22"]
[SourceQuality "1"]

1. d4 Nf6 2. c4 g6 3. Nc3 Bg7 4. e4 d6 5. Nf3 0-0 6. Be2 c6 7. 0-0 e5 8. Rb1 Nbd7 9. b4 exd4 10. Nxd4 Re8 11. f3 a5 12. b5 Qc7 13. bxc6 bxc6 14. Be3 Nc5 15. Qd2 a4 16. Rfd1 Nfd7 17. Nc2 Ne6 18. Nd4 Ndc5 19. Rbc1 Rd8 20. Nxe6 Nxe6 21. Rb1 Qa5 22. Rdc1 Nc5 23. Bd4 Bxd4+ 24. Qxd4 Ba6 25. Nd1 Ne6 26. Qf6 Rab8 27. Nf2 Qd2 28. Bf1 a3 29. Rd1 Rxb1 30. Rxd2 Bxc4 31. Rd1 Rxd1 32. Nxd1 Bxa2 33. Qc3 Nc5 34. Qxa3 Bb3 35. Ne3 1-0